English upgrade : Student CD
Salvato in:
| Autore principale: | |
|---|---|
| Natura: | Libro |
| Lingua: | Undetermined |
| Pubblicazione: |
Oxford, UK
Macmillan
2002
|
| Soggetti: | |
| Tags: |
Aggiungi Tag
Nessun Tag, puoi essere il primo ad aggiungerne! !
|
| Thư viện lưu trữ: | Trung tâm Học liệu Trường Đại học Cần Thơ |
|---|
| LEADER | 00539nam a2200205Ia 4500 | ||
|---|---|---|---|
| 001 | CTU_117441 | ||
| 008 | 210402s9999 xx 000 0 und d | ||
| 082 | |a 428.24 | ||
| 082 | |b G381/CD.3 | ||
| 100 | |a Gershon, Steven | ||
| 245 | 0 | |a English upgrade : | |
| 245 | 0 | |b Student CD | |
| 245 | 0 | |c Steven Gershon and Chris Mares | |
| 260 | |a Oxford, UK | ||
| 260 | |b Macmillan | ||
| 260 | |c 2002 | ||
| 650 | |a English language | ||
| 650 | |x Study and teaching | ||
| 904 | |i M.Loan | ||
| 980 | |a Trung tâm Học liệu Trường Đại học Cần Thơ | ||